01516nam a2200385 a 4500001001200000003000800012006001900020007001500039008004100054010001700095020003000112020002700142040002100169035002100190050002300211082001500234245010200249260004900351300004700400490001900447490004300466504005100509533015200560650003500712650003300747650003100780650002200811655002900833700001900862710001700881830003700898830005200935856012600987999001701113ebr10671007CaPaEBRm u cr cn|||||||||110511s2012 nyuab sb 001 0 eng d z 2011019863 z9781614701231 (hardcover) z9781614701316 (e-book) aCaPaEBRcCaPaEBR a(OCoLC)82886973614aQR106b.A68 2012eb04a591.7622300aAquatic animalsh[electronic resource] :bbiology, habitats and threats /cDavid L. Eder, editor. aNew York :bNova Science Publishers,cc2012. axi, 203 p. :bill. (some col.), col. maps.1 aMarine biology1 aAnimal science, issues and professions aIncludes bibliographical references and index. aElectronic reproduction.bPalo Alto, Calif. :cebrary,d2013.nAvailable via World Wide Web.nAccess may be limited to ebrary affiliated libraries. 0aAquatic animalsxMicrobiology. 0aAquatic animalsxToxicology. 0aAquatic animalsxDiseases. 0aAquatic habitats. 7aElectronic books.2local1 aEder, David L.2 aebrary, Inc. 0aMarine biology (New York (N.Y.)) 0aAnimal science, issues, and professions series.40uhttp://site.ebrary.com/lib/rucke/Doc?id=10671007zAn electronic book accessible through the World Wide Web; click to view c62225d62225